Transakčné náklady a ich vplyv na exportnú diverzifikáciu krajiny v období finančnej krízy
Transakčné náklady v systéme medzinárodného obchodu. Autori zaoberajúci sa teóriou transakčných nákladov. INCOTERMS 3000 - nástroj transakčného mechanizmu. Povinnosti zmluvných strán v rámci medzinárodného obchodu. Znižovanie niektorých druhov transakčných nákladov v období finančnej krízy.
Salvato in:
| Autore principale: | |
|---|---|
| Altri autori: | |
| Natura: | Capitolo di libro |
| Lingua: | slovacco |
| Soggetti: | |
| Tags: |
Nessun Tag, puoi essere il primo ad aggiungerne!!
|
MARC
| LEADER | 00000naa$a2200000$$$4500 | ||
|---|---|---|---|
| 001 | 0113885 | ||
| 005 | 20240709093914.1 | ||
| 041 | 0 | |a slo | |
| 044 | |a CZ | ||
| 245 | 1 | 0 | |a Transakčné náklady a ich vplyv na exportnú diverzifikáciu krajiny v období finančnej krízy |c Heda Hansenová, Viktória Valachovičová |
| 520 | |a Transakčné náklady v systéme medzinárodného obchodu. Autori zaoberajúci sa teóriou transakčných nákladov. INCOTERMS 3000 - nástroj transakčného mechanizmu. Povinnosti zmluvných strán v rámci medzinárodného obchodu. Znižovanie niektorých druhov transakčných nákladov v období finančnej krízy. | ||
| 610 | 2 | 0 | |a náklady transakčné |
| 610 | 2 | 0 | |a preprava |
| 610 | 2 | 0 | |a poistenie |
| 610 | 2 | 0 | |a dane |
| 610 | 2 | 0 | |a clá |
| 610 | 2 | 0 | |a balenie |
| 610 | 2 | 0 | |a ceny |
| 610 | 2 | 0 | |a obchod medzinárodný |
| 610 | 2 | 0 | |a zmluvy kúpne |
| 610 | 2 | 0 | |a zmluvy medzinárodné |
| 610 | 2 | 0 | |a kríza finančná |
| 100 | 1 | |a Hansenová, Heda | |
| 700 | 1 | |a Valachovičová, Viktória | |